| 000 | 00479cam a2200205 4500 | ||
|---|---|---|---|
| 001 | J3968 | ||
| 008 | 090401t1956 xxu||||| |||| 00| 0 eng d | ||
| 035 | _a(Sirsi) u57745 | ||
| 041 | _aeng | ||
| 050 | _a346.4104343 | ||
| 100 | _aLloyd, Dennis | ||
| 245 | _aBusiness lettings. | ||
| 260 |
_aLondon _bButterworth _c1956 |
||
| 300 | _aliii,374p. ; 22cm. | ||
| 350 | _a0 | ||
| 650 | _aBUSINESS TENANCIES | ||
| 700 | _aMontgomerie, John | ||
| 942 | _n0 | ||
| 948 | _c04/03/1997 | ||
| 999 |
_c93970 _d93970 |
||